[Event "Enschede op-B U16"]
[Site "Enschede"]
[Date "2009.08.05"]
[Round "6"]
[White "Mellegers, Maarten"]
[Black "Van der Auweraert, Jasper"]
[Result "0-1"]
[WhiteElo "1477"]
[BlackElo "1655"]
[PlyCount "89"]
[EventDate "2009.08.03"]
[EventType "swiss"]
[EventRounds "9"]
[EventCountry "NED"]
[SourceTitle "CBM 132 Extra"]
[Source "ChessBase"]
[SourceDate "2009.11.03"]
[SourceVersion "1"]
[SourceVersionDate "2009.11.03"]
[SourceQuality "1"]

1. e4 d6 2. d3 Nf6 3. Nf3 g6 4. Nbd2 Bg7 5. Be2 0-0 6. 0-0 Nbd7 7. c3 c5 8. Qc2 a6 9. a4 Rb8 10. d4 Qc7 11. Bc4 Nb6 12. Bd3 cxd4 13. Nxd4 Nbd7 14. b4 Ne5 15. Be2 Bd7 16. f4 Nc6 17. N4f3 Nxb4 18. Qb3 Nc6 19. Ba3 Rfc8 20. Ng5 e6 21. Bb2 Na5 22. Qc2 h6 23. Ngf3 Ng4 24. Qb1 Bxc3 25. Bxc3 Qxc3 26. Kh1 Qe3 27. Qe1 Rc2 28. Qh4 Qxe2 29. Rae1 Qd3 30. Qxg4 Rbc8 31. h4 h5 32. Qg5 Qc3 33. e5 Rxd2 34. Nxd2 Qxd2 35. Rd1 Qc2 36. exd6 Nc6 37. Rb1 Rb8 38. Ra1 Qf5 39. Qg3 Nb4 40. Qe3 Nd5 41. Qg3 Bc6 42. a5 Rd8 43. Rad1 Qg4 44. Qf2 Nxf4 45. Rg1 0-1